| 000 | 00688nam a22001577a 4500 | ||
|---|---|---|---|
| 003 | LRUA | ||
| 005 | 20210125104117.0 | ||
| 008 | 201223b xxu||||| |||| 00| 0 eng d | ||
| 040 | _crua | ||
| 082 |
_2. _aAHR CHE 2018 B668 Or. |
||
| 100 |
_914494 _aCHEA SAMAY, ជា សំអៃ |
||
| 245 | _aចម្លើយតបនៃការលូតលាស់ និងទិន្នផលរបស់ដំណាំម្ទេសទៅនឹងការប្រើប្រាស់គម្របដីផ្សេងៗគ្នា, response of growth and yield of chilli to different mulchings | ||
| 260 |
_aphnom penh _brua _c2018 |
||
| 300 |
_axi,33p, _bill, _c29cm, |
||
| 942 |
_2ddc _cAGR |
||
| 999 |
_c19558 _d19558 |
||